Centroamérica: en malos términos con los términos de intercambio /
Bewaard in:
| Hoofdauteur: | |
|---|---|
| Formaat: | Texto |
| Onderwerpen: | |
| Tags: |
Voeg label toe
Geen labels, Wees de eerste die dit record labelt!
|
MARC
| LEADER | 00000 a a2200000 04500 | ||
|---|---|---|---|
| 001 | 10275 | ||
| 003 | |||
| 040 | |||
| 100 | |a Machinea, José Luis | ||
| 245 | |a Centroamérica: |b en malos términos con los términos de intercambio / |c José Luis Machinea | ||
| 650 | |a PRECIOS DEL PETROLEO | ||
| 650 | |a EXPLORACION PETROLERA | ||
| 650 | |a PAISES EXPORTADORES DE PETROLEO | ||
| 650 | |a FINANCIAMIENTO | ||
| 773 | |g número 46; páginas 2-3 | ||
| 999 | |c 32455 |d 32455 | ||
